| 000 | 00437nam a2200157 a 4500 | ||
|---|---|---|---|
| 001 | 000043142 | ||
| 005 | 20201002040653.0 | ||
| 008 | 140220s1995 sp 000 0 spa d | ||
| 020 | _a8420646857 | ||
| 040 |
_aDO-SdBNP _bspa _cBNPHU |
||
| 082 |
_axxxxxxxx _axxxxxxxx |
||
| 100 | 1 |
_aOrtega Basagoiti, Rafael _970699 |
|
| 245 | 1 | 0 |
_aChopin / _cRafael Ortega Basagoiti. |
| 260 |
_aMadrid, : _bAlianza cien, _c1995. |
||
| 300 |
_a63 p. ; _c15 cm. |
||
| 999 |
_c42631 _d42631 |
||